| 000 | 00000nam##2200000za#4500 |
| 001 | 9.620821 |
| 003 | CaOODSP |
| 005 | 20220107134005 |
| 007 | ta |
| 008 | 150406|1993||||xxc||||| f|0| 0 fre|d |
| 020 | |a0-662-98208-8 |
| 040 | |aCaOODSP|bfre |
| 043 | |an-cn--- |
| 086 | 1 |aH72-22/10-1993F |
| 110 | 2 |aCentre national d'information sur la violence dans la famille (Canada) |
| 245 | 10|aRelations parents-enfants: enfants / |cPréparé par Danièle Fréchette et al. |
| 260 | |aOttawa - Ontario : |bSanté et Bien-être social Canada. |c1993. |
| 300 | |a8p. : |bréférences ; |c28 cm. |
| 490 | 1 |aRenseignements du Centre national d'information sur la violence dans la famille |
| 500 | |a«Le...feuillet porte sur le développement et les besoins de l'enfant.»--Page 1. |
| 520 | 3 |aLe...feuillet porte sur le développement et les besoins de l'enfant.--Page 1 |
| 563 | |aCouverture souple |
| 590 | |a93-13|b1993-04-02 |
| 691 | 07|aArt d'être parent|2gcpds |
| 691 | 07|aEnfant|2gcpds |
| 720 | 1 |aFréchette, Danièle |
| 776 | 0#|tRelations parents-enfants - enfants / |w(CaOODSP)9.602972 |
| 830 | #0|aRenseignements du Centre national d'information sur la violence dans la famille.|w(CaOODSP)9.513100 |